000
00327nam a22001457a 4500
003
OSt
005
20221122144853.0
008
221122b |||||||| |||| 00| 0 eng d
020
_a
9780340941553
040
_c
Hu
082
_a
378.0702
100
_a
Clarke Alan
_9
37279
245
_a
Ict Skill For Life
942
_2
ddc
_c
BOOKS
_n
0
999
_c
35698
_d
35698